书目信息 |
| 题名: |
中文Photoshop精彩设计100例
|
|
| 作者: | 周永华 , 三虎 编著 | |
| 分册: | ||
| 出版信息: | 成都 电子科技大学出版社 2007.01 |
|
| 页数: | 248页, [4] 页图版 | |
| 开本: | 26cm | |
| 丛书名: | ||
| 单 册: | ||
| 中图分类: | TP391.41 | |
| 科图分类: | ||
| 主题词: | 图象处理--tu xiang chu li--应用软件 | |
| 电子资源: | ||
| ISBN: | 978-7-81094-098-6 | |
| 000 | 00930nam0 2200265 450 | |
| 001 | 012007722238 | |
| 005 | 20070924101831.75 | |
| 010 | @a978-7-81094-098-6@dCNY29.80 (含光盘) | |
| 100 | @a20070816d2007 km y0chiy0120 ea | |
| 101 | 0 | @achi |
| 102 | @aCN@b510000 | |
| 105 | @aaf z 000yy | |
| 200 | 1 | @a中文Photoshop精彩设计100例@Azhong wen Photoshop jing cai she ji 100 li@f周永华, 三虎编著@Fzhou yong hua,san hu bian zhu |
| 205 | @a第2版 | |
| 210 | @a成都@c电子科技大学出版社@d2007.01 | |
| 215 | @a248页, [4] 页图版@c图@d26cm@e光盘1片 | |
| 307 | @a光盘 ISBN : 7-900668-50-0 | |
| 330 | @a本书以全新的编排方式,由浅入深,并结合平面设计实例、制作经验及技巧,系统讲述Photoshop CS2的强大功能。 | |
| 606 | 0 | @a图象处理@Atu xiang chu li@x应用软件 |
| 610 | 0 | @aPhotoshop |
| 690 | @aTP391.41@v4 | |
| 701 | 0 | @a周永华@Azhou yong hua@4编著 |
| 701 | 0 | @a三虎@Asan hu@4编著 |
| 801 | 0 | @aCN@c20070924 |
| 905 | @dTP391.41@eZ812 | |
| 中文Photoshop精彩设计100例/周永华, 三虎编著.-第2版.-成都:电子科技大学出版社,2007.01 |
| 248页, [4] 页图版:图;26cm+光盘1片 |
| ISBN 978-7-81094-098-6:CNY29.80 (含光盘) |
| 本书以全新的编排方式,由浅入深,并结合平面设计实例、制作经验及技巧,系统讲述Photoshop CS2的强大功能。 |
| ● |
| 相关链接 |
|
|
|
正题名:中文Photoshop精彩设计100例
索取号:TP391.41/Z812
 
预约/预借
| 序号 | 登录号 | 条形码 | 馆藏地/架位号 | 状态 | 备注 |
| 1 | 258809 | 202588093 | 自科库301/301自科库 68排6列1层/ [索取号:TP391.41/Z812] | 在馆 | |
| 2 | 258810 | 202588100 | 自科二线404/404自科库 17排4列3层/ [索取号:TP391.41/Z812] | 在馆 | |
| 3 | 258811 | 202588119 | 自科库301/301自科库 68排6列1层/ [索取号:TP391.41/Z812] | 在馆 |